Indeterminaciones

Guardat en:
Dades bibliogràfiques
Autor principal: Cage, John (autor)
Altres autors: Grinberg, Patricio (selección y traducción)
Format: Llibre
Idioma:anglès
espanyol
Publicat: Viña del Mar, Chile: Alquimia Ediciones, 2019
Col·lecció:Estados de Excepción
Matèries:
Etiquetes: Afegir etiqueta
Sense etiquetes, Sigues el primer a etiquetar aquest registre!

MARC

LEADER 00000cam a2200000 a 4500
001 UCC8662
003 CL-VaPUC
005 20240905095040.0
008 190809e20190000cl |||||||||||||||||eng|d
999 |c 374931  |d 374929 
020 |a 978-956-9974-39-7 
040 |c Pontificia Universidad Católica de Valparaíso 
041 0 7 |a eng  |2 CL-VaPUC 
041 0 7 |a spa  |2 CL-VaPUC 
082 0 4 |a 811 CAG 2019  |2 21 
100 |a Cage, John  |e autor  |9 457429 
245 1 0 |a Indeterminaciones 
260 |a Viña del Mar, Chile:  |b Alquimia Ediciones,  |c 2019 
300 |a 195 páginas 
490 0 |a Estados de Excepción 
500 |a C.2 Donación Profesor Nelson Niño. Memo 02/03/2022 
583 |a last modification  |c 20190809 11:18:00  |k Rodrigo Vera 
650 0 |a Poesías estadounidenses  |2 CL-VaPUC  |9 265119 
650 0 |a Literatura estadounidense  |9 317168 
700 |a Grinberg, Patricio  |e selección y traducción  |9 867740 
942 |c BK  |2 ddc 
945 |d 20190809 11:18:00  |a dcastane 
952 |0 0  |1 0  |3 erb  |4 0  |6 811_000000000000000_CAG_2019  |7 0  |8 A  |9 493712  |a BIBART  |b BIBART  |i 5556775  |l 1  |o 811 CAG 2019  |p 5556775  |r 2025-03-13  |s 2023-05-23  |w 2019-11-24  |y BK  |z Catalogado en:20190809  |k ART 
952 |0 0  |1 0  |2 ddc  |4 0  |6 811_000000000000000_CAG_2019  |7 0  |8 A  |9 582171  |a BIBEDU  |b BIBEDU  |c GEN  |d 2022-03-28  |e Donación  |i 5650382  |o 811 CAG 2019  |p 5650382  |r 2023-01-12  |t 2  |w 2022-03-28  |y BK  |k MUS